|
|
|
|
| LEADER |
00000nab a2200000 ar4500 |
| 001 |
vtls009953788 |
| 003 |
SK-MaSNL |
| 005 |
20260304160127.0 |
| 008 |
250507|2008 xo |||||||||||||| b|slo |
| 015 |
|
|
|a SNBRA2009/09
|2 snkbucl
|
| 035 |
|
|
|a urn:nbn:sk:snk-ab827s
|
| 035 |
|
|
|a (urnnbn)urn:nbn:sk:snk:ar-0063r2
|
| 035 |
|
|
|a (uuid)d7bccdfe-349b-4c41-83fa-900c6fd864d6
|
| 038 |
|
|
|a SNKBUCL
|
| 040 |
|
|
|a SNKBUCL
|b slo
|c SNKBUCL
|e AACR2
|
| 041 |
0 |
|
|a slo
|
| 044 |
|
|
|a xo
|c SK
|
| 080 |
|
|
|a 929:082.2
|x (437.6)
|2 2001
|
| 080 |
|
|
|a 082.2:929
|x (437.6)
|2 2001
|
| 100 |
1 |
|
|a Cabadaj, Peter,
|d 1966-
|4 aut
|9 98153
|
| 245 |
1 |
0 |
|a Zborník Biografické štúdie
|c Peter Cabadaj
|
| 610 |
2 |
7 |
|a Slovenská národná knižnica.
|b Národný biografický ústav
|2 snkbucl
|9 168381
|
| 630 |
0 |
7 |
|a Biografické štúdie (zborník)
|2 snkbucl
|9 240240
|
| 650 |
0 |
7 |
|a biografistika
|2 snkbucl
|9 74588
|
| 650 |
0 |
7 |
|a zborníky
|2 snkbucl
|9 108488
|
| 655 |
|
7 |
|a referáty
|2 snkbucl
|9 70611
|
| 773 |
0 |
|
|t Biografické štúdie 33
|d Martin : Slovenská národná knižnica, 2008
|g S. 71-72
|x 0067-8724
|z 9788089301140
|
| 850 |
|
|
|a Slovenská národná knižnica
|
| 852 |
|
|
|a Slovenská národná knižnica
|
| 954 |
|
|
|a odborná, vedecká literatúra pôvodná (slovenská)
|2 lita
|
| 958 |
|
|
|a article9
|
| 958 |
|
|
|a OND
|
| 958 |
|
|
|a EUIPO
|
| 999 |
|
|
|c 2965632
|d 2967562
|